[Event "Bamberg-Open 2019"]
[Site "Bamberg"]
[Date "2019.05.30"]
[Round "2.10"]
[White "Troyke, Christian"]
[Black "Schenk, Alexander"]
[Result "0-1"]
[WhiteElo "2328"]
[BlackElo "2096"]
[Annotator "ChessBase"]
[PlyCount "108"]
[EventDate "2019.05.12"]
[EventType "swiss"]
[EventCountry "GER"]
[SourceTitle "playchess.com"]
[Source "ChessBase"]
[SourceQuality "1"]
[TimeControl "40/5400+30:900+30"]

1. g3 {[%emt 0:00:00]} d5 {[%emt 0:00:00]} 2. Bg2 {[%emt 0:00:00]} Nf6 {[%emt 0:00:00]} 3. c4 {[%emt 0:00:00]} e6 {[%emt 0:00:00]} 4. Nf3 {[%emt 0:00:04]} Be7 {[%emt 0:00:33]} 5. O-O {[%emt 0:00:14]} O-O {[%emt 0:00:12]} 6. b3 {[%emt 0:01:37]} c5 {[%emt 0:05:27]} 7. e3 {[%emt 0:02:36]} Nc6 {[%emt 0:00:19]} 8. Bb2 {[%emt 0:01:37]} d4 {[%emt 0:08:26]} 9. exd4 {[%emt 0:00:40]} cxd4 {[%emt 0:00:04]} 10. d3 {[%emt 0:04:26]} Ne8 {[%emt 0:04:14]} 11. Na3 {[%emt 0:10:38]} e5 {[%emt 0:05:28]} 12. Nc2 {[%emt 0:00:27]} f6 {[%emt 0:00:46]} 13. Qd2 {[%emt 0:03:39]} a5 {[%emt 0:02:45]} 14. Rab1 {[%emt 0:03:09]} Nc7 {[%emt 0:01:23]} 15. a3 {[%emt 0:11:26]} Na6 {[%emt 0:02:20]} 16. Ba1 {[%emt 0:01:59]} Qd6 {[%emt 0:06:41]} 17. Qe2 {[%emt 0:03:56]} f5 {[%emt 0:12:01]} 18. b4 {[%emt 0:06:13]} axb4 {[%emt 0:00:39]} 19. axb4 {[%emt 0:00:08]} Naxb4 {[%emt 0:01:14]} 20. Nxb4 {[%emt 0:00:20]} Nxb4 {[%emt 0:00:05]} 21. Nxe5 {[%emt 0:05:35]} Bf6 {[%emt 0:05:39]} 22. f4 {[%emt 0:01:46]} Ra2 {[%emt 0:14:29]} 23. Rb2 {[%emt 0:00:28]} Rxb2 {[%emt 0:00:38]} 24. Bxb2 {[%emt 0:00:08]} Nc6 {[%emt 0:00:22]} 25. Bd5+ {[%emt 0:06:33]} Be6 {[%emt 0:00:08]} 26. Ba3 {[%emt 0:00:05]} Qxa3 {[%emt 0:01:05]} 27. Bxe6+ {[%emt 0:00:06]} Kh8 {[%emt 0:00:05]} 28. Ng6+ {[%emt 0:00:58]} hxg6 {[%emt 0:00:17]} 29. Qg2 {[%emt 0:00:04]} Bh4 {[%emt 0:00:40]} 30. gxh4 {[%emt 0:05:25]} Qe7 {[%emt 0:13:49]} 31. Bd5 {[%emt 0:03:04]} Nb4 {[%emt 0:01:56]} 32. Bxb7 {[%emt 0:11:28]} Qe3+ {[%emt 0:01:16]} 33. Kh1 {[%emt 0:01:17]} Qxd3 {[%emt 0:01:26]} 34. Rg1 {[%emt 0:01:23]} Qxc4 {[%emt 0:06:15]} 35. h5 {[%emt 0:03:30]} Qc7 {[%emt 0:03:00]} 36. hxg6 {[%emt 0:01:19]} Kg8 {[%emt 0:01:34]} 37. Rb1 {[%emt 0:03:49]} Re8 {[%emt 0:01:57]} 38. Bd5+ {[%emt 0:04:22]} Kf8 {[%emt 0:00:11]} 39. Bf7 {[%emt 0:00:22]} Re4 {[%emt 0:01:12]} 40. Qh3 {[%emt 0:02:35]} Qc6 {[%emt 0:00:35]} 41. Qh8+ {[%emt 0:03:57]} Ke7 {[%emt 0:00:06]} 42. Qh4+ {[%emt 0:00:06]} Kd7 {[%emt 0:02:20]} 43. Kg1 {[%emt 0:01:51]} d3 {[%emt 0:02:34]} 44. Qf2 {[%emt 0:02:22]} Kd6 {[%emt 0:01:19]} 45. Qh4 {[%emt 0:01:41]} Qb6+ {[%emt 0:00:55]} 46. Kh1 {[%emt 0:02:24]} Re2 {[%emt 0:01:43]} 47. Qg3 {[%emt 0:00:51]} Qc6+ {[%emt 0:01:46]} 48. Kg1 {[%emt 0:00:08]} Qc5+ {[%emt 0:00:04]} 49. Kh1 {[%emt 0:00:43]} d2 {[%emt 0:01:26]} 50. Rd1 {[%emt 0:02:03]} Qc1 {[%emt 0:00:47]} 51. Bb3 {[%emt 0:00:17]} Qc6+ {[%emt 0:01:49]} 52. Kg1 {[%emt 0:00:13]} Qe4 {[%emt 0:00:12]} 53. Kf1 {[%emt 0:01:30]} Nd3 {[%emt 0:00:34]} 54. Bc2 {[%emt 0:00:27]} Re1+ {[%emt 0:01:41]} 0-1

[Event "Bamberg-Open 2019"]
[Site "Bamberg"]
[Date "2019.05.30"]
[Round "2.11"]
[White "Spitzl, Vinzent"]
[Black "Fiedorek, Michal"]
[Result "1-0"]
[WhiteElo "2263"]
[BlackElo "2088"]
[Annotator "ChessBase"]
[PlyCount "103"]
[EventDate "2019.05.12"]
[EventType "swiss"]
[EventCountry "GER"]
[SourceTitle "playchess.com"]
[Source "ChessBase"]
[SourceQuality "1"]
[TimeControl "40/5400+30:900+30"]

1. e4 {[%emt 0:14:49]} c5 {[%emt 0:00:00]} 2. Nf3 {[%emt 0:00:06]} d6 {[%emt 0:00:09]} 3. d4 {[%emt 0:00:08]} cxd4 {[%emt 0:00:08]} 4. Nxd4 {[%emt 0:00:03]} Nf6 {[%emt 0:00:21]} 5. f3 {[%emt 0:00:04]} e5 {[%emt 0:00:28]} 6. Nb3 {[%emt 0:00:04]} Be7 {[%emt 0:00:13]} 7. c4 {[%emt 0:00:19]} a5 {[%emt 0:00:10]} 8. Be3 {[%emt 0:00:45]} a4 {[%emt 0:00:59]} 9. N3d2 {[%emt 0:00:08]} O-O {[%emt 0:00:27]} 10. Nc3 {[%emt 0:00:30]} Qa5 {[%emt 0:00:45]} 11. Ndb1 {[%emt 0:03:24]} Be6 {[%emt 0:13:18]} 12. Qd2 {[%emt 0:00:56]} Rc8 {[%emt 0:10:57]} 13. Na3 {[%emt 0:00:32]} Ne8 {[%emt 0:00:42]} 14. Nd5 {[%emt 0:14:20]} Bd8 {[%emt 0:07:25]} 15. Bd3 {[%emt 0:00:51]} Nd7 {[%emt 0:04:32]} 16. Qxa5 {[%emt 0:02:52]} Bxa5+ {[%emt 0:00:12]} 17. Ke2 {[%emt 0:00:06]} Kf8 {[%emt 0:26:12]} 18. Rac1 {[%emt 0:02:23]} Bxd5 {[%emt 0:01:38]} 19. cxd5 {[%emt 0:00:32]} Bb4 {[%emt 0:02:41]} 20. Bb5 {[%emt 0:02:02]} Nef6 {[%emt 0:11:17]} 21. g4 {[%emt 0:03:10]} Bxa3 {[%emt 0:06:17]} 22. bxa3 {[%emt 0:00:48]} Ke7 {[%emt 0:00:16]} 23. Kd2 {[%emt 0:03:05]} Nc5 {[%emt 0:04:40]} 24. Rc4 {[%emt 0:01:46]} Nfd7 {[%emt 0:02:51]} 25. Bxd7 {[%emt 0:05:11]} Kxd7 {[%emt 0:01:20]} 26. Rb1 {[%emt 0:00:13]} Rc7 {[%emt 0:02:11]} 27. Bxc5 {[%emt 0:04:11]} dxc5 {[%emt 0:00:07]} 28. Rb5 {[%emt 0:00:05]} Ra6 {[%emt 0:00:43]} 29. Rc2 {[%emt 0:03:41]} g5 {[%emt 0:01:46]} 30. Kd3 {[%emt 0:00:58]} Rf6 {[%emt 0:01:07]} 31. Ke3 {[%emt 0:00:28]} Rh6 {[%emt 0:00:32]} 32. Ra5 {[%emt 0:01:12]} Rb6 {[%emt 0:00:46]} 33. Rxa4 {[%emt 0:01:05]} Rb1 {[%emt 0:00:31]} 34. Rac4 {[%emt 0:01:51]} Rh1 {[%emt 0:00:27]} 35. a4 {[%emt 0:03:16]} b6 {[%emt 0:00:29]} 36. Rb2 {[%emt 0:00:13]} Ra7 {[%emt 0:00:30]} 37. Rxb6 {[%emt 0:04:01]} Rxh2 {[%emt 0:00:23]} 38. a3 {[%emt 0:00:46]} Ra2 {[%emt 0:00:43]} 39. Rb3 {[%emt 0:00:05]} Kd6 {[%emt 0:00:35]} 40. Rb6+ {[%emt 0:04:18]} Kd7 {[%emt 0:00:14]} 41. Rxc5 {[%emt 0:16:13]} Rxa3+ {[%emt 0:08:05]} 42. Kf2 {[%emt 0:00:00]} R3xa4 {[%emt 0:01:40]} 43. Rcb5 {[%emt 0:00:00]} Ra2+ {[%emt 0:03:44]} 44. Kg3 {[%emt 0:00:00]} R7a6 {[%emt 0:02:31]} 45. Rb7+ {[%emt 0:00:00]} Ke8 {[%emt 0:00:25]} 46. Rb8+ {[%emt 0:00:00]} Ke7 {[%emt 0:00:31]} 47. R5b7+ {[%emt 0:00:00]} Kf6 {[%emt 0:01:35]} 48. Rf8 {[%emt 0:00:00]} Kg6 {[%emt 0:00:51]} 49. Rfxf7 {[%emt 0:00:00]} Rd2 {[%emt 0:00:32]} 50. Rg7+ {[%emt 0:00:00]} Kh6 {[%emt 0:00:05]} 51. Rxh7+ {[%emt 0:00:00]} Kg6 {[%emt 0:00:04]} 52. Rbg7+ 1-0

[Event "Bamberg-Open 2019"]
[Site "Bamberg"]
[Date "2019.05.30"]
[Round "2.12"]
[White "Weishaeutel, Moritz"]
[Black "Lohvinov, Petro"]
[Result "1/2-1/2"]
[WhiteElo "2252"]
[BlackElo "2086"]
[Annotator "ChessBase"]
[PlyCount "65"]
[EventDate "2019.05.12"]
[EventType "swiss"]
[EventCountry "GER"]
[SourceTitle "playchess.com"]
[Source "ChessBase"]
[SourceQuality "1"]
[TimeControl "40/5400+30:900+30"]

1. e4 {[%emt 0:00:00]} c5 {[%emt 0:05:52]} 2. Nf3 {[%emt 0:00:00]} e6 {[%emt 0:00:07]} 3. d4 {[%emt 0:00:00]} cxd4 {[%emt 0:00:06]} 4. Nxd4 {[%emt 0:00:00]} a6 {[%emt 0:00:09]} 5. Bd3 {[%emt 0:00:00]} Bc5 {[%emt 0:00:08]} 6. Nb3 {[%emt 0:00:03]} Be7 {[%emt 0:00:04]} 7. Qg4 {[%emt 0:00:12]} g6 {[%emt 0:00:08]} 8. Qe2 {[%emt 0:00:06]} d6 {[%emt 0:00:31]} 9. O-O {[%emt 0:00:17]} Nd7 {[%emt 0:00:37]} 10. Nc3 {[%emt 0:00:25]} Qc7 {[%emt 0:06:28]} 11. a4 {[%emt 0:00:08]} b6 {[%emt 0:08:15]} 12. Bf4 {[%emt 0:00:12]} Bb7 {[%emt 0:02:35]} 13. Rad1 {[%emt 0:00:08]} Ne5 {[%emt 0:08:15]} 14. h3 {[%emt 0:01:28]} Nf6 {[%emt 0:16:09]} 15. Bh6 {[%emt 0:00:14]} Bf8 {[%emt 0:00:36]} 16. Bxf8 {[%emt 0:02:01]} Kxf8 {[%emt 0:00:28]} 17. f4 {[%emt 0:06:16]} Nxd3 {[%emt 0:00:14]} 18. cxd3 {[%emt 0:00:12]} Kg7 19. d4 {[%emt 0:11:07]} Rac8 {[%emt 0:22:59]} 20. e5 {[%emt 0:04:12]} Nd5 {[%emt 0:00:41]} 21. Ne4 {[%emt 0:01:10]} Qc2 {[%emt 0:01:13]} 22. Qxc2 {[%emt 0:12:13]} Rxc2 {[%emt 0:00:14]} 23. Rd2 {[%emt 0:00:01]} Rxd2 {[%emt 0:16:29]} 24. Nbxd2 {[%emt 0:00:01]} Rc8 {[%emt 0:04:42]} 25. b3 {[%emt 0:16:43]} Rc2 {[%emt 0:02:04]} 26. exd6 {[%emt 0:00:22]} Nf6 {[%emt 0:02:22]} 27. Nxf6 {[%emt 0:01:31]} Rxd2 {[%emt 0:00:58]} 28. Nd5 {[%emt 0:07:50]} Bxd5 {[%emt 0:00:46]} 29. d7 {[%emt 0:00:01]} Rxg2+ {[%emt 0:00:22]} 30. Kh1 {[%emt 0:00:01]} Rf2+ {[%emt 0:00:41]} 31. Kg1 {[%emt 0:00:04]} Rg2+ {[%emt 0:00:07]} 32. Kh1 {[%emt 0:00:01]} Rf2+ {[%emt 0:00:44]} 33. Kg1 {[%emt 0:00:04]} 1/2-1/2

[Event "Bamberg-Open 2019"]
[Site "Bamberg"]
[Date "2019.05.30"]
[Round "2.13"]
[White "Stauch, Edgar"]
[Black "Hausmann, Kai"]
[Result "1-0"]
[WhiteElo "2207"]
[BlackElo "2057"]
[Annotator "ChessBase"]
[PlyCount "52"]
[EventDate "2019.05.12"]
[EventType "swiss"]
[EventCountry "GER"]
[SourceTitle "playchess.com"]
[Source "ChessBase"]
[SourceQuality "1"]
[TimeControl "40/5400+30:900+30"]

1. c4 {[%emt 0:04:13]} Nf6 {[%emt 0:01:19]} 2. g3 {[%emt 0:00:58]} g6 {[%emt 0:03:12]} 3. Bg2 {[%emt 0:00:37]} Bg7 {[%emt 0:02:08]} 4. Nc3 {[%emt 0:00:05]} c5 {[%emt 0:06:42]} 5. Nf3 {[%emt 0:00:27]} Nc6 {[%emt 0:00:34]} 6. d4 {[%emt 0:00:25]} O-O {[%emt 0:25:24]} 7. d5 {[%emt 0:03:36]} Nb8 {[%emt 0:01:25]} 8. O-O {[%emt 0:01:32]} d6 {[%emt 0:00:34]} 9. e4 {[%emt 0:00:23]} b5 {[%emt 0:02:54]} 10. cxb5 {[%emt 0:01:12]} a6 {[%emt 0:00:47]} 11. bxa6 {[%emt 0:01:10]} Rxa6 {[%emt 0:06:35]} 12. h3 {[%emt 0:07:10]} Nbd7 {[%emt 0:02:07]} 13. Re1 {[%emt 0:02:56]} Bb7 {[%emt 0:00:51]} 14. Nd2 {[%emt 0:10:51]} Nb6 {[%emt 0:04:30]} 15. Bf1 {[%emt 0:02:53]} Nfd7 {[%emt 0:14:07]} 16. a4 {[%emt 0:09:58]} Qa8 {[%emt 0:04:54]} 17. Bxa6 {[%emt 0:04:00]} Bxa6 {[%emt 0:00:12]} 18. a5 {[%emt 0:00:30]} Nc8 {[%emt 0:02:47]} 19. Nf3 {[%emt 0:05:49]} Qb7 {[%emt 0:03:29]} 20. Ra3 {[%emt 0:02:19]} Na7 {[%emt 0:00:49]} 21. Rb3 {[%emt 0:01:34]} Qc7 {[%emt 0:00:12]} 22. Bg5 {[%emt 0:07:39]} c4 {[%emt 0:01:29]} 23. Rb4 {[%emt 0:07:18]} Nc5 {[%emt 0:00:18]} 24. Rb6 {[%emt 0:00:50]} Nc8 {[%emt 0:02:00]} 25. Rc6 {[%emt 0:06:20]} Qd7 {[%emt 0:01:10]} 26. Be3 {[%emt 0:04:13]} Qd8 1-0

[Event "Bamberg-Open 2019"]
[Site "Bamberg"]
[Date "2019.05.30"]
[Round "2.14"]
[White "Syed, Tareq"]
[Black "Chennaoui, Yasin"]
[Result "0-1"]
[WhiteElo "2001"]
[BlackElo "2184"]
[Annotator "ChessBase"]
[PlyCount "84"]
[EventDate "2019.05.12"]
[EventType "swiss"]
[EventCountry "GER"]
[SourceTitle "playchess.com"]
[Source "ChessBase"]
[SourceQuality "1"]
[TimeControl "40/5400+30:900+30"]

1. d3 {[%emt 0:00:00]} d6 {[%emt 0:00:16]} 2. g3 {[%emt 0:00:00]} g6 {[%emt 0:00:36]} 3. Bg2 {[%emt 0:00:00]} Bg7 {[%emt 0:00:03]} 4. c4 {[%emt 0:00:23]} e5 {[%emt 0:01:38]} 5. Nc3 {[%emt 0:00:19]} Ne7 {[%emt 0:00:08]} 6. Rb1 {[%emt 0:01:36]} a5 {[%emt 0:00:37]} 7. a3 {[%emt 0:00:31]} O-O {[%emt 0:00:32]} 8. h4 {[%emt 0:16:22]} h6 {[%emt 0:00:22]} 9. Bd2 {[%emt 0:04:00]} c6 {[%emt 0:09:57]} 10. Qc1 {[%emt 0:01:56]} Kh7 {[%emt 0:00:26]} 11. Nf3 Bg4 {[%emt 0:02:45]} 12. Nh2 {[%emt 0:11:18]} Be6 {[%emt 0:03:56]} 13. Nf3 {[%emt 0:01:18]} Bg4 {[%emt 0:02:09]} 14. Nh2 {[%emt 0:00:32]} Be6 {[%emt 0:07:24]} 15. Nf3 f6 16. Ne4 {[%emt 0:05:25]} Qd7 {[%emt 0:18:57]} 17. c5 {[%emt 0:11:46]} d5 {[%emt 0:00:08]} 18. Nc3 {[%emt 0:00:50]} Qc7 {[%emt 0:25:39]} 19. Na4 {[%emt 0:04:49]} Nd7 {[%emt 0:00:24]} 20. d4 {[%emt 0:04:44]} Bf5 {[%emt 0:03:22]} 21. Ra1 {[%emt 0:06:32]} Be4 {[%emt 0:01:25]} 22. dxe5 {[%emt 0:09:09]} Bxf3 {[%emt 0:03:42]} 23. Bxf3 {[%emt 0:02:34]} fxe5 {[%emt 0:00:34]} 24. O-O {[%emt 0:01:23]} e4 {[%emt 0:01:26]} 25. Bg4 {[%emt 0:01:09]} Ne5 {[%emt 0:01:04]} 26. Bh3 {[%emt 0:03:50]} Nf5 {[%emt 0:01:54]} 27. Nb6 {[%emt 0:01:26]} Rae8 {[%emt 0:00:20]} 28. Bxf5 {[%emt 0:01:43]} gxf5 {[%emt 0:01:53]} 29. Bf4 {[%emt 0:00:54]} Qf7 {[%emt 0:02:45]} 30. Qe1 {[%emt 0:03:04]} Rg8 {[%emt 0:01:12]} 31. Qxa5 {[%emt 0:01:59]} Bf6 {[%emt 0:01:28]} 32. Kg2 {[%emt 0:01:57]} Rg4 {[%emt 0:00:46]} 33. Rh1 {[%emt 0:02:15]} Reg8 34. Qd2 {[%emt 0:00:40]} Ng6 {[%emt 0:02:28]} 35. Bxh6 {[%emt 0:01:24]} f4 {[%emt 0:00:51]} 36. Bg5 {[%emt 0:00:12]} fxg3 {[%emt 0:03:00]} 37. fxg3 {[%emt 0:01:08]} Be5 {[%emt 0:02:22]} 38. Rh3 {[%emt 0:00:41]} Nf4+ {[%emt 0:00:18]} 39. Bxf4 {[%emt 0:00:40]} Bxf4 {[%emt 0:00:07]} 40. Qd4 {[%emt 0:00:57]} Rxg3+ {[%emt 0:00:27]} 41. Rxg3 {[%emt 0:02:01]} Rxg3+ {[%emt 0:01:22]} 42. Kh1 {[%emt 0:00:40]} Qf5 {[%emt 0:00:41]} 0-1

[Event "Bamberg-Open 2019"]
[Site "Bamberg"]
[Date "2019.05.30"]
[Round "2.15"]
[White "Delitzsch, Juergen"]
[Black "Schreiter, Thomas"]
[Result "1-0"]
[WhiteElo "2175"]
[BlackElo "1982"]
[Annotator "ChessBase"]
[PlyCount "85"]
[EventDate "2019.05.12"]
[EventType "swiss"]
[EventCountry "GER"]
[SourceTitle "playchess.com"]
[Source "ChessBase"]
[SourceQuality "1"]
[TimeControl "40/5400+30:900+30"]

1. e4 {[%emt 0:01:43]} e6 {[%emt 0:00:00]} 2. d4 {[%emt 0:00:05]} d5 {[%emt 0:00:00]} 3. Nd2 {[%emt 0:00:11]} Nf6 {[%emt 0:01:18]} 4. e5 {[%emt 0:00:07]} Nfd7 {[%emt 0:00:05]} 5. Bd3 {[%emt 0:00:09]} c5 {[%emt 0:00:58]} 6. c3 {[%emt 0:00:04]} Nc6 {[%emt 0:00:38]} 7. Ne2 {[%emt 0:00:06]} Qb6 {[%emt 0:02:21]} 8. Nf3 {[%emt 0:00:21]} cxd4 {[%emt 0:02:10]} 9. cxd4 {[%emt 0:00:05]} Be7 {[%emt 0:00:10]} 10. O-O {[%emt 0:00:44]} f6 {[%emt 0:03:16]} 11. exf6 {[%emt 0:07:35]} Nxf6 {[%emt 0:07:03]} 12. a3 {[%emt 0:02:38]} Bd7 {[%emt 0:06:24]} 13. b4 {[%emt 0:03:32]} Rc8 {[%emt 0:02:03]} 14. Be3 {[%emt 0:06:53]} Nd8 {[%emt 0:03:58]} 15. Rc1 {[%emt 0:17:30]} Rxc1 {[%emt 0:03:05]} 16. Qxc1 {[%emt 0:00:20]} Bb5 {[%emt 0:01:01]} 17. Bxb5+ {[%emt 0:00:11]} Qxb5 {[%emt 0:00:09]} 18. Nc3 {[%emt 0:00:09]} Qb6 {[%emt 0:06:05]} 19. Re1 {[%emt 0:03:30]} O-O {[%emt 0:06:01]} 20. Bg5 {[%emt 0:04:04]} Bd6 {[%emt 0:21:57]} 21. Qb1 {[%emt 0:13:36]} Qc6 {[%emt 0:06:35]} 22. Rc1 {[%emt 0:02:11]} Qe8 {[%emt 0:01:33]} 23. h3 {[%emt 0:08:02]} Qh5 {[%emt 0:05:42]} 24. Nb5 {[%emt 0:00:59]} Bb8 {[%emt 0:00:02]} 25. Rc8 {[%emt 0:07:41]} Nc6 {[%emt 0:01:44]} 26. Rxf8+ {[%emt 0:00:06]} Kxf8 {[%emt 0:00:03]} 27. Qc1 {[%emt 0:01:16]} a6 {[%emt 0:03:18]} 28. Bxf6 {[%emt 0:05:40]} gxf6 {[%emt 0:00:23]} 29. Qc5+ {[%emt 0:00:30]} Kg7 {[%emt 0:01:25]} 30. Nd6 {[%emt 0:04:41]} Bxd6 {[%emt 0:01:39]} 31. Qxd6 {[%emt 0:00:03]} Qf7 {[%emt 0:00:03]} 32. Qg3+ {[%emt 0:01:34]} Qg6 {[%emt 0:02:24]} 33. Qc7+ {[%emt 0:00:11]} Qf7 {[%emt 0:00:02]} 34. Qg3+ {[%emt 0:01:11]} Qg6 {[%emt 0:00:02]} 35. Qd6 {[%emt 0:00:51]} Qf7 {[%emt 0:00:14]} 36. g4 {[%emt 0:01:11]} Ne7 {[%emt 0:07:13]} 37. h4 Nc8 {[%emt 0:02:36]} 38. Qb8 {[%emt 0:02:58]} Qd7 {[%emt 0:00:02]} 39. g5 {[%emt 0:00:47]} Nd6 {[%emt 0:03:03]} 40. gxf6+ {[%emt 0:00:55]} Kxf6 {[%emt 0:02:09]} 41. Qf8+ {[%emt 0:15:58]} Nf7 {[%emt 0:15:04]} 42. Ne5 {[%emt 0:01:32]} Qe7 {[%emt 0:00:24]} 43. Ng4+ {[%emt 0:00:44] Qd7 Ne5} 1-0

[Event "Bamberg-Open 2019"]
[Site "Bamberg"]
[Date "2019.05.30"]
[Round "2.16"]
[White "Berghof, Axel"]
[Black "Hoekstra, Peter"]
[Result "1-0"]
[WhiteElo "2155"]
[BlackElo "1979"]
[Annotator "ChessBase"]
[PlyCount "113"]
[EventDate "2019.05.12"]
[EventType "swiss"]
[EventCountry "GER"]
[SourceTitle "playchess.com"]
[Source "ChessBase"]
[SourceQuality "1"]
[TimeControl "40/5400+30:900+30"]

1. d4 {[%emt 0:00:00]} Nf6 {[%emt 0:08:17]} 2. c4 {[%emt 0:00:00]} g6 {[%emt 0:00:06]} 3. Nc3 {[%emt 0:00:00]} Bg7 {[%emt 0:00:08]} 4. e4 {[%emt 0:00:10]} d6 {[%emt 0:00:07]} 5. f3 {[%emt 0:00:13]} O-O {[%emt 0:00:08]} 6. Be3 {[%emt 0:01:01]} c5 {[%emt 0:00:07]} 7. dxc5 {[%emt 0:01:00]} dxc5 {[%emt 0:00:08]} 8. Qxd8 {[%emt 0:00:44]} Rxd8 {[%emt 0:00:05]} 9. Bxc5 {[%emt 0:00:31]} Nc6 {[%emt 0:00:33]} 10. Nge2 {[%emt 0:01:50]} Nd7 {[%emt 0:03:46]} 11. Ba3 {[%emt 0:14:49]} Nde5 {[%emt 0:02:51]} 12. Nf4 {[%emt 0:01:03]} b6 {[%emt 0:27:42]} 13. Rd1 {[%emt 0:16:11]} Ba6 {[%emt 0:08:17]} 14. Nfd5 {[%emt 0:11:05]} Bxc4 {[%emt 0:09:34]} 15. Bxe7 {[%emt 0:11:06]} Rxd5 {[%emt 0:04:45]} 16. Rxd5 {[%emt 0:08:29]} Nxe7 {[%emt 0:01:52]} 17. Rxe5 {[%emt 0:00:48]} Bxf1 {[%emt 0:04:47]} 18. Rxe7 {[%emt 0:02:23]} Bxg2 {[%emt 0:00:53]} 19. Rg1 {[%emt 0:01:02]} Bf6 {[%emt 0:00:08]} 20. Rb7 {[%emt 0:09:41]} Bh3 {[%emt 0:18:03]} 21. f4 {[%emt 0:04:38]} Bh4+ {[%emt 0:05:59]} 22. Kd2 {[%emt 0:04:03]} Rd8+ {[%emt 0:00:52]} 23. Kc2 {[%emt 0:00:46]} Bf2 {[%emt 0:00:36]} 24. Rg5 {[%emt 0:04:56]} Be6 {[%emt 0:01:06]} 25. Rg2 {[%emt 0:01:22]} Be3 {[%emt 0:00:36]} 26. f5 {[%emt 0:00:26]} Bc4 {[%emt 0:00:40]} 27. Nd5 {[%emt 0:02:07]} Bxd5 {[%emt 0:00:35]} 28. exd5 {[%emt 0:00:23]} Rxd5 {[%emt 0:00:02]} 29. fxg6 {[%emt 0:00:31]} hxg6 {[%emt 0:00:07]} 30. Rxa7 {[%emt 0:00:18]} Bc5 {[%emt 0:01:16]} 31. Rb7 {[%emt 0:00:50]} Rd6 {[%emt 0:00:16]} 32. a3 {[%emt 0:01:26]} Rc6 {[%emt 0:00:03]} 33. Kb3 {[%emt 0:00:28]} f5 {[%emt 0:00:27]} 34. Ka4 {[%emt 0:00:36]} f4 {[%emt 0:00:15]} 35. Rc2 {[%emt 0:00:40]} f3 {[%emt 0:00:20]} 36. b4 {[%emt 0:00:32]} f2 {[%emt 0:00:04]} 37. Rc1 {[%emt 0:00:11]} Be7 {[%emt 0:01:55]} 38. Rf1 {[%emt 0:01:19]} Bh4 {[%emt 0:00:26]} 39. Rd7 {[%emt 0:00:42]} Re6 {[%emt 0:00:49]} 40. Rd2 {[%emt 0:00:20]} Kf7 {[%emt 0:00:39]} 41. Rfxf2+ {[%emt 0:15:49]} Bxf2 {[%emt 0:15:17]} 42. Rxf2+ {[%emt 0:00:05]} Ke7 {[%emt 0:00:03]} 43. Kb5 {[%emt 0:00:43]} g5 {[%emt 0:00:00]} 44. a4 {[%emt 0:00:00]} g4 {[%emt 0:00:00]} 45. Rg2 {[%emt 0:00:00]} Re4 {[%emt 0:00:00]} 46. a5 {[%emt 0:00:00]} bxa5 {[%emt 0:00:00]} 47. Kxa5 {[%emt 0:00:00]} Kd6 {[%emt 0:00:00]} 48. Rc2 {[%emt 0:00:00]} Re3 {[%emt 0:00:00]} 49. Kb6 {[%emt 0:00:00]} g3 {[%emt 0:00:00]} 50. hxg3 {[%emt 0:00:00]} Rxg3 {[%emt 0:00:00]} 51. Rd2+ {[%emt 0:00:00]} Ke7 {[%emt 0:00:00]} 52. b5 {[%emt 0:00:00]} Rb3 {[%emt 0:00:00]} 53. Kc6 {[%emt 0:00:00]} Rc3+ {[%emt 0:00:00]} 54. Kb7 {[%emt 0:00:00]} Rb3 {[%emt 0:00:00]} 55. b6 {[%emt 0:00:00]} Rb1 {[%emt 0:00:00]} 56. Kc7 {[%emt 0:00:00]} Rc1+ {[%emt 0:00:00]} 57. Kb8 {[%emt 0:00:00]} 1-0

[Event "Bamberg-Open 2019"]
[Site "Bamberg"]
[Date "2019.05.30"]
[Round "2.17"]
[White "Becker, Tobias"]
[Black "Ruffenach, Alain"]
[Result "1/2-1/2"]
[WhiteElo "2019"]
[BlackElo "1936"]
[Annotator "NA"]
[PlyCount "62"]
[EventDate "2019.05.12"]
[EventType "swiss"]
[EventCountry "GER"]
[SourceTitle "playchess.com"]
[Source "ChessBase"]
[SourceQuality "1"]
[TimeControl "40/5400+30:900+30"]

1. d4 {[%emt 0:03:35]} g6 {[%emt 0:00:00]} 2. e4 {[%emt 0:00:09]} Bg7 {[%emt 0:00:03]} 3. Nf3 {[%emt 0:00:11]} d6 {[%emt 0:01:09]} 4. Bc4 {[%emt 0:00:12]} Nf6 {[%emt 0:00:44]} 5. Qe2 {[%emt 0:00:23]} c6 {[%emt 0:09:23]} 6. Bb3 {[%emt 0:01:13]} O-O {[%emt 0:01:55]} 7. O-O {[%emt 0:00:50]} Bg4 {[%emt 0:07:34]} 8. Nbd2 {[%emt 0:00:46]} e5 {[%emt 0:19:15]} 9. dxe5 {[%emt 0:00:41] B06: Modern Defence} dxe5 {[%emt 0:01:15]} 10. h3 {[%emt 0:00:21]} Bxf3 $1 {[%emt 0:00:16]} 11. Nxf3 {[%emt 0:00:16]} Nbd7 {[%emt 0:00:20]} 12. Rd1 {[%emt 0:05:46]} (12. c3 Qe7 13. Bc2 a5 14. a4 Nh5 15. g3 Nc5 16. Kg2 Rfe8 {1-0 (81) Indjic,A (2620)-Guseinov,G (2664) St Petersburg 2018}) 12... Qe7 {[%emt 0:01:43]} 13. c3 {[%emt 0:01:25]} Rad8 $146 {[%emt 0:03:16]} ({Predecessor:} 13... Nc5 14. Bc2 Nh5 15. Bg5 Qe8 16. Be3 {1-0 (33) Zude,A (2372)-Alber,H (2290) Frankfurt 2018}) 14. Bc2 {[%emt 0:15:07]} Nh5 {[%emt 0:01:46]} 15. g3 {[%emt 0:10:00]} Nc5 {[%emt 0:12:53]} 16. Be3 {[%emt 0:07:20]} b6 {[%emt 0:03:25]} 17. Qc4 {[%emt 0:03:19]} h6 {[%emt 0:14:12]} 18. Bxc5 {[%emt 0:03:45]} bxc5 {[%emt 0:01:06]} 19. Kg2 {[%emt 0:11:17]} Bf6 {[%emt 0:00:31]} 20. Nd2 {[%emt 0:04:01]} Ng7 {[%emt 0:00:41]} 21. Ba4 {[%emt 0:00:55]} Qb7 {[%emt 0:05:00]} 22. Nb3 {[%emt 0:02:00]} Ne6 {[%emt 0:00:12]} 23. Nxc5 {[%emt 0:08:04]} Nxc5 {[%emt 0:02:49]} 24. Qxc5 {[%emt 0:00:04]} Qxb2 {[%emt 0:00:33]} 25. Qxc6 {[%emt 0:04:58]} Rxd1 {[%emt 0:01:14]} 26. Rxd1 $18 {[%emt 0:01:48]} Qxa2 {[%emt 0:00:05]} 27. Rd7 {[%emt 0:02:18]} Bg5 {[%emt 0:01:59]} 28. Kf3 {[%emt 0:03:13]} Bd2 {[%emt 0:02:27]} 29. Bb5 {[%emt 0:06:32]} Be1 {[%emt 0:01:09]} 30. Qc5 {[%emt 0:00:04]} Qe6 {[%emt 0:02:33]} 31. Kg2 {[%emt 0:01:05]} Qb6 {[%emt 0:01:41]} 1/2-1/2